00606nam a2200169 i 450000100060000000300090000600500170001500700030003200800410003510000430007624500580011926000550017730000330023285200320026599900170029795201220031428783ES-MaACL20250929063100.0t|030120s1963 sp ||||1| spa d1 aBarbadillo, Manuel, d1891-198692537210aPacheco, su tierra y su tiempo / cManuel Barbadillo. aJerez de la Frontera : bJerez Industrial, c1963. a196 p., 14 lám. ; c28 cm. aES-MaACLjC-23988 bR.52879 c28783d28783 00104070aATENEOMbATENEOMcDEPO2d2008-01-17eSCl0oC-23988p1029716r2023-02-23 00:00:00w2023-02-23yMONOGRAFIA